000 00723nam a2200205Ia 4500
001 15786
003 GE_BSU
008 181216s||||||||xx |||||||||||||| ||und||
040 _cGE_BSU
080 _a821.353.1-31
100 _aჭილაია, სერგი (1912-1992)
245 _aეკატერინე ჭავჭავაძე : ქრონიკა. ტ. 2.
245 _bისტორიული რომანი
260 _aთბილისი
260 _bლიტერატურა და ხელოვნება
260 _c1967
300 _a306 გვ.20 სმ.
653 _aეკატერინე ჭავჭავაძე : ქრონიკა
942 _cBK
999 _c48883
_d48883